Zerkalo trevog i somnenij : o sovremennom sostojanii i putjach razvitija anglo-amerikanskoj naučnoj fantastiki /

Hlavní autor: Brandis, Jevgenij Pavlovič, 1916-1985
Další autoři: Dmitrevskij, Vladimir Ivanovič, 1908-1978
Jazyk: Ruština
Vydáno: Moskva : Znanije, 1967
Edice: Novoje v žizni, nauke, technike
Fyzický popis: 62 s.
Knihy
Uloženo v:
LEADER 00874nam a22002292a 4500
001 001328292
003 CZ BrMZK
005 20130920120114.0
007 ta
008 130920s1967 ru er|||||||||||rusod
040 |a BOA001  |b cze 
100 1 |a Brandis, Jevgenij Pavlovič,  |d 1916-1985  |7 jx20071122026  |4 aut 
245 1 0 |a Zerkalo trevog i somnenij :  |b o sovremennom sostojanii i putjach razvitija anglo-amerikanskoj naučnoj fantastiki /  |c Jevgenij Pavlovič Brandis, V. Dmitrevskij 
260 |a Moskva :  |b Znanije,  |c 1967 
300 |a 62 s. 
490 1 |a Novoje v žizni, nauke, technike ;  |v ser. 6, 1967, 4 
700 1 |a Dmitrevskij, Vladimir Ivanovič,  |d 1908-1978  |7 jx20090811047  |4 edt 
830 0 |a Novoje v žizni, nauke, technike 
910 |a BOA001  |b 2-0580.770 
990 |a BK 
991 |b 201309 
996 7 |b 2619017838  |c 2-0580.770  |l HP2  |r DEN  |n 0  |w 001363200  |u 000010  |a 1  |e BOA001  |j MZK50  |s A